00522cam a22002057a 4500003000500000005001700005008004100022010001000063011001000073035001000083040000900093082001300102100002800115245004400143260002900187300003100216490002000247650002900267830002000296CHAP20220329135118.0971013s1983 r 00010 d a31105 a32077 a36189 cCHAP a510bL8Y00aLombardo Radice, Lucio.13aLa matemática de Pitágoras a Newton aBarcelona :bLaia,c1983 a116 p.b: ilus. ; gráfs. 0aPapel 451v; 5714aMatemáticasxHistoria.0 aPapel 451v; 57